Oral surgery for undergraduates & general practitioners : (Record no. 21358)
[ view plain ]
| 000 -LEADER | |
|---|---|
| fixed length control field | 01338nam a22003495a 4500 |
| 005 - DATE AND TIME OF LATEST TRANSACTION | |
| control field | 20160309141125.0 |
| 008 - FIXED-LENGTH DATA ELEMENTS--GENERAL INFORMATION | |
| fixed length control field | 160309r20142013ii a frb 001 0 eng d |
| 020 ## - INTERNATIONAL STANDARD BOOK NUMBER | |
| International Standard Book Number | 9789381714140 (English edition) |
| 020 ## - INTERNATIONAL STANDARD BOOK NUMBER | |
| International Standard Book Number | 9789587550719 (AMOLCA) |
| 040 ## - CATALOGING SOURCE | |
| Original cataloging agency | EG-ScBUE |
| Language of cataloging | eng |
| Transcribing agency | EG-ScBUE |
| 041 1# - LANGUAGE CODE | |
| Language code of text/sound track or separate title | eng |
| Language code of original and/or intermediate translations of text | spa |
| 082 04 - DEWEY DECIMAL CLASSIFICATION NUMBER | |
| Classification number | 617.605 |
| Item number | BES |
| Edition number | 22 |
| 100 1# - MAIN ENTRY--PERSONAL NAME | |
| Personal name | Besoain, Fernando Sole. |
| 9 (RLIN) | 39513 |
| 245 10 - TITLE STATEMENT | |
| Title | Oral surgery for undergraduates & general practitioners : |
| Remainder of title | principles of oral surgery / |
| Statement of responsibility, etc | Fernando Solé Besoaín, Francisco Muñoz Thomson ; [translated by Penny Bamber] |
| 246 3# - VARYING FORM OF TITLE | |
| Title proper/short title | Oral surgery for undergraduates and general practitioners |
| 246 30 - VARYING FORM OF TITLE | |
| Title proper/short title | Principles of oral surgery |
| 250 ## - EDITION STATEMENT | |
| Edition statement | 1st English ed., Reprinted ed. |
| 260 ## - PUBLICATION, DISTRIBUTION, ETC. (IMPRINT) | |
| Place of publication, distribution, etc | New Delhi : |
| Name of publisher, distributor, etc | MedTec / Scientific International Pvt. Ltd., |
| Date of publication, distribution, etc | 2014. |
| 300 ## - PHYSICAL DESCRIPTION | |
| Extent | 468 p. : |
| Other physical details | ill. (col) ; |
| Dimensions | 28 cm. |
| 500 ## - GENERAL NOTE | |
| General note | Reprint of the 2013 ed. |
| 500 ## - GENERAL NOTE | |
| General note | Includes appendix. |
| 504 ## - BIBLIOGRAPHY, ETC. NOTE | |
| Bibliography, etc | Bibliography : p. 450-467. |
| 521 ## - TARGET AUDIENCE NOTE | |
| Target audience note | For undergraduates & general practitioners. |
| 546 ## - LANGUAGE NOTE | |
| Language note | Text in English ; translated from original Spanish. |
| 650 #7 - SUBJECT ADDED ENTRY--TOPICAL TERM | |
| Topical term or geographic name as entry element | Mouth |
| General subdivision | Surgery. |
| Source of heading or term | BUEsh |
| 9 (RLIN) | 36856 |
| 650 #7 - SUBJECT ADDED ENTRY--TOPICAL TERM | |
| Topical term or geographic name as entry element | Dentistry. |
| 9 (RLIN) | 39515 |
| 651 ## - SUBJECT ADDED ENTRY--GEOGRAPHIC NAME | |
| Source of heading or term | BUEsh |
| 653 ## - INDEX TERM--UNCONTROLLED | |
| Resource For college | |
| Arrived date list | March2016 |
| 700 1# - ADDED ENTRY--PERSONAL NAME | |
| Personal name | Thomson, Francisco Muñoz. |
| 700 1# - ADDED ENTRY--PERSONAL NAME | |
| Personal name | Bamber, Penny, |
| Relator term | translator. |
| 942 ## - ADDED ENTRY ELEMENTS (KOHA) | |
| Source of classification or shelving scheme | Dewey Decimal Classification |
| Withdrawn status | Item status | Source of classification or shelving scheme | Damaged status | Not for loan | Vendor | Home library | Current library | Shelving location | Date acquired | Source of acquisition | Cost, normal purchase price | Serial Enumeration / chronology | Total Checkouts | Total Renewals | Full call number | Barcode | Date last seen | Date last borrowed | Cost, replacement price | Koha item type |
|---|---|---|---|---|---|---|---|---|---|---|---|---|---|---|---|---|---|---|---|---|
| Dewey Decimal Classification | Central Library | Central Library | First floor | 09/03/2016 | Purchase | 400.00 | 582 | 8 | 66 | 617.605 BES | 000031948 | 15/07/2025 | 15/12/2021 | 500.00 | Book - Borrowing |